Glimpes Of Engineering And TEchnology In THe Modern World / (Record no. 195292)

MARC details
000 -LEADER
fixed length control field 00720nam a22002297a 4500
005 - DATE AND TIME OF LATEST TRANSACTION
control field 20230317120218.0
010 ## - LCCN (DPL NO)
LC control number ENG-136449
020 ## - INTERNATIONAL STANDARD BOOK NUMBER
Terms of availability 500.00
International Standard Book Number 9788194205272
035 ## - SYSTEM CONTROL NUMBER
System control number EN-119981
037 ## - SOURCE OF ACQUISITION
Source of stock number/acquisition DBAD/PUB
082 ## - DEWEY DECIMAL CLASSIFICATION NUMBER
Classification number 600
245 ## - TITLE STATEMENT
Title Glimpes Of Engineering And TEchnology In THe Modern World /
Statement of responsibility, etc Edited By K.Muthuchelian [et.al]
250 ## - EDITION STATEMENT
Edition statement First
260 ## - PUBLICATION, DISTRIBUTION, ETC. (IMPRINT)
Name of publisher, distributor, etc Virudhunagar Hindu Nadas Senthikmara Nagar College
Place of publication, distribution, etc Tamil Nadu
Date of publication, distribution, etc 2020
270 ## - ADDRESS
Address 3/151-1, College Road Virudhunagar
City Tamil Nadu
Postal code 626001
300 ## - PHYSICAL DESCRIPTION
Extent 210p.
Dimensions 26cm(pbk)
700 ## - ADDED ENTRY--PERSONAL NAME
Personal name Pandian, Sundara
700 ## - ADDED ENTRY--PERSONAL NAME
Personal name Monisha, M
700 ## - ADDED ENTRY--PERSONAL NAME
Personal name Jeyakumaran, N
700 ## - ADDED ENTRY--PERSONAL NAME
Personal name Pandiarajan, J
942 ## - ADDED ENTRY ELEMENTS (KOHA)
Source of classification or shelving scheme Dewey Decimal Classification
Item type English Books
Classification part 600
Call number suffix GLI
Holdings
Withdrawn status Lost status Not for loan Collection code Home library Current library Date acquired Source of acquisition Cost, normal purchase price Full call number Barcode Copy number Koha item type
      Non-fiction Katevara Katevara 16/03/2023 DBAD/PUB 500.00 600 GLI EN-119981 1 English Books

© Delhi Public Library
Hit Counter
free hit counter